[Event "Manila ol (Men)"]
[Site "Manila"]
[Date "1992.??.??"]
[Round "?"]
[White "Beliavsky, Alexander G"]
[Black "Shabalov, Alexander"]
[Result "0-1"]
[WhiteElo "2620"]
[BlackElo "2535"]

1.e4 c5 2.Nf3 g6 3.c4 Nc6 4.d4 cxd4 5.Nxd4 Nf6 6.Nc3 d6 7.Be2 Nxd4 8.Qxd4 Bg7
9.Bg5 O-O 10.Qd2 Be6 11.Rc1 Qa5 12.f3 Rfc8 13.b3 a6 14.Na4 Qd8 15.O-O Bd7
16.Nc3 b5 17.Rfd1 Be8 18.e5 dxe5 19.Qxd8 Rxd8 20.Rxd8 Rxd8 21.cxb5 axb5 22.Nxb5 h6
23.Be3 Nd5 24.Bf2 Nf4 25.Bc4 Rd2 26.a4 Bc6 27.Kf1 Rb2 28.Nc3 e4 29.Nxe4 Kh7
30.a5 f5 31.Nc3 e5 32.Nd1 Rd2 33.Be3 Rxg2 34.Bxf4 Bxf3 35.Be3 f4 36.Bg1 e4
37.Nc3 Rd2 38.Be2 Bh1 39.a6 e3 40.a7 Rb2 41.Nd1 Rxb3 42.Rc7 Ra3 43.h4 g5
44.Bg4 h5 45.Bf5+ Kh6 46.Re7 gxh4 47.Nxe3 Bf6 48.Rh7+ Kg5 49.Nc2 Rc3 50.Bd4 Rxc2
51.Bxc2 Bxd4 52.Rd7 Be3 53.Rg7+ Kf6 54.Rg6+ Ke5 55.Rg5+ Kd6 56.Ra5 f3 57.Bd3 Bg2+
58.Ke1 f2+ 59.Kd1 h3 60.Rxh5 Bxa7 61.Rh6+ Ke5  0-1

[Event "Manila ol (Men)"]
[Site "Manila"]
[Date "1992.??.??"]
[Round "?"]
[White "McNab, Colin Anderson"]
[Black "Beliavsky, Alexander G"]
[Result "0-1"]
[WhiteElo "2475"]
[BlackElo "2620"]

1.c4 e6 2.Nf3 d5 3.b3 Nf6 4.g3 a5 5.Bg2 a4 6.O-O axb3 7.Qxb3 Nbd7 8.cxd5 exd5
9.Nd4 Be7 10.Nf5 Nc5 11.Qc2 Bxf5 12.Qxf5 Nb3 13.axb3 Rxa1 14.Bb2 Ra5 15.e4 O-O
16.e5 Ne8 17.Qd3 c6 18.f4 f6 19.Bh3 fxe5 20.fxe5 Rxf1+ 21.Kxf1 Nc7 22.Bf5 h6
23.Nc3 Ba3 24.Bxa3 Rxa3 25.Ne2 Qe8 26.Bh7+ Kh8 27.Qf5 Ra1+ 28.Kg2 Qe6 29.Qc2 Qxe5
30.Nf4 Qe1 31.Bd3 Ne6 32.Ng6+ Kg8 33.Ne7+ Kf7 34.Nf5 Ng5  0-1

[Event "Manila ol (Men)"]
[Site "Manila"]
[Date "1992.??.??"]
[Round "?"]
[White "Beliavsky, Alexander G"]
[Black "Timman, Jan H"]
[Result "0-1"]
[WhiteElo "2620"]
[BlackElo "2620"]

1.d4 Nf6 2.c4 e6 3.Nf3 b6 4.g3 Ba6 5.b3 Bb7 6.Bg2 Bb4+ 7.Bd2 a5 8.O-O O-O
9.Qc2 h6 10.Rd1 Re8 11.Nc3 d6 12.d5 exd5 13.Nh4 Nc6 14.Nf5 dxc4 15.bxc4 Bc5
16.Qb2 Re5 17.e4 Ng4 18.Be1 Ne7 19.Nd4 Qd7 20.Nb3 Re8 21.Nd5 Bb4 22.Nxb4 axb4
23.Bxb4 Ng6 24.Bc3 Rxe4 25.Bxe4 Bxe4 26.Nd2 Bb7 27.Re1 N4e5 28.Bxe5 Nxe5
29.Qb3 Qh3 30.f3 Re6 31.Ne4 Qf5 32.Nd2 h5 33.Re3 h4 34.Qb1 Qh5 35.Qf1 hxg3
36.hxg3 Ng4 37.fxg4 Qh1+  0-1

[Event "St Petersburg op"]
[Site "St Petersburg"]
[Date "1992.??.??"]
[Round "?"]
[White "Beliavsky, Alexander G"]
[Black "Rutman, A."]
[Result "1/2-1/2"]
[WhiteElo "2620"]
[BlackElo "2355"]

1.d4 Nf6 2.c4 e6 3.Nf3 b6 4.g3 Bb7 5.Bg2 Be7 6.O-O O-O 7.b3 d5 8.Nc3 c5 9.Bb2 dxc4
10.bxc4 cxd4 11.Nb5 Nc6 12.Nfxd4 Qc8 13.Rc1 Nxd4 14.Nxd4 Bxg2 15.Kxg2 Rd8
16.Qa4 Qb7+ 17.Qc6 Qa6 18.Qb5 Qb7+ 19.Qc6 Qa6 20.Qb5  1/2-1/2

[Event "St Petersburg op"]
[Site "St Petersburg"]
[Date "1992.??.??"]
[Round "?"]
[White "Beliavsky, Alexander G"]
[Black "Vinogradov, Oleg"]
[Result "1-0"]
[WhiteElo "2620"]
[BlackElo "2210"]

1.d4 f5 2.c4 Nf6 3.Nc3 e6 4.g3 Bb4 5.Bg2 O-O 6.e3 Bxc3+ 7.bxc3 d6 8.Rb1 Nbd7
9.Ne2 Qe8 10.Ba3 Rb8 11.O-O e5 12.c5 dxc5 13.dxc5 c6 14.Qb3+ Kh8 15.Rfd1 e4
16.Rd6 Ne5 17.Nd4 Qh5 18.c4 Ra8 19.Qc3 Nf7 20.Ne6 Nxd6 21.Nf4 Qf7 22.cxd6 b6
23.d7 Bxd7 24.Bxf8 Rxf8 25.Rd1 Qe7 26.h4 Kg8 27.Bf1 Ng4 28.a4 Ne5 29.a5 Qc5
30.axb6 axb6 31.Kg2 Ra8 32.Nd5 Re8 33.Nf4 b5 34.Qa5 Qe7 35.cxb5 cxb5 36.Bxb5 Bxb5
37.Qxb5 Kh8 38.Rd6 Rf8 39.Re6  1-0

[Event "Tilburg"]
[Site "Tilburg"]
[Date "1992.??.??"]
[Round "1"]
[White "Beliavsky, Alexander G"]
[Black "Hoeksema, Hendrik Pieter"]
[Result "1-0"]
[WhiteElo "2595"]
[BlackElo "2430"]

1.d4 Nf6 2.c4 e6 3.Nf3 b6 4.g3 Bb7 5.Bg2 Be7 6.Nc3 Ne4 7.Bd2 Bf6 8.Qc2 Nxd2
9.Qxd2 O-O 10.Rd1 d6 11.O-O Nd7 12.d5 Bxc3 13.Qxc3 e5 14.e4 a5 15.Ne1 Ba6
16.Nc2 b5 17.cxb5 Bxb5 18.Rfe1 Nc5 19.b3 Bd7 20.a3 Qb8 21.b4 axb4 22.axb4 Na4
23.Qd2 Nb6 24.Ne3 Ra4 25.Rb1 Qb7 26.Rec1 Rfa8 27.h4 Rb8 28.h5 h6 29.Qd1 Qc8
30.Bf3 Rba8 31.Bg4 Bxg4 32.Nxg4 R8a7 33.Ne3 g6 34.Qf3 Kg7 35.Kg2 Ra3 36.Rc6 Qd7
37.Rh1 Nc8 38.b5 Ne7 39.hxg6 fxg6 40.b6 cxb6 41.Rxb6 Ng8 42.Rc1 R3a6 43.Rb8 Nf6
44.Rcc8 Qe7 45.Ng4  1-0

[Event "Tilburg"]
[Site "Tilburg"]
[Date "1992.??.??"]
[Round "1"]
[White "Beliavsky, Alexander G"]
[Black "Adams, Michael"]
[Result "1-0"]
[WhiteElo "2595"]
[BlackElo "2610"]

1.d4 Nf6 2.c4 c5 3.d5 b5 4.cxb5 a6 5.e3 axb5 6.Bxb5 Qa5+ 7.Nc3 Bb7 8.e4 Nxe4
9.Ne2 g6 10.O-O Nd6 11.a4 Bg7 12.Bg5 h6 13.Bf4 O-O 14.Bxd6 exd6 15.f4 f5
16.g4 Kh8 17.gxf5 gxf5 18.Qd3 Na6 19.Rad1 Rf7 20.Kh1 Qb4 21.Bc4 Nc7 22.b3 Re8
23.Rf3 Qa5 24.Rg1 Qa8 25.Rh3 Re6 26.Rg2 Kh7 27.Rhg3 Ree7 28.Rg6 Qf8 29.h4 Kh8
30.h5 Qe8 31.R6g3 Rf8 32.Qf3 Kh7 33.Kg1 Ne6 34.Nb5 Ba8 35.Rg6 Nd4 36.Nexd4 cxd4
37.Nxd6 Qd8 38.Qg3 Rg8 39.Nxf5  1-0

[Event "JUG-chT2"]
[Site "Becici"]
[Date "1993.??.??"]
[Round "3"]
[White "Beliavsky, Alexander G"]
[Black "Ivanovic, Bozidar"]
[Result "1-0"]
[WhiteElo "2610"]
[BlackElo "2470"]

1.d4 d5 2.c4 e6 3.Nc3 Nf6 4.cxd5 exd5 5.Bg5 Nbd7 6.e3 c6 7.Bd3 Be7 8.Qc2 O-O
9.Nf3 Re8 10.h3 Nf8 11.Bf4 Ne6 12.Be5 g6 13.O-O-O Ng7 14.g4 a5 15.Bg3 a4
16.Ne5 Nd7 17.Kb1 Qa5 18.f3 Bb4 19.a3 Bxc3 20.Qxc3 Qxc3 21.bxc3 f6 22.Nxd7 Bxd7
23.Rde1 c5 24.Kc1 cxd4 25.cxd4 Re6 26.Kd2 Rb6 27.Rb1 Rb3 28.Bd6 Rc8 29.Bc2 Rxb1
30.Rxb1 Bc6 31.h4 f5 32.h5 fxg4 33.hxg6 hxg6 34.fxg4 Re8 35.Rf1 Rd8 36.Be5 g5
37.Rh1 Rd7 38.Bh7+ Kf8 39.Rf1+  1-0

[Event "Groningen PCA"]
[Site "Groningen"]
[Date "1993.??.??"]
[Round "1"]
[White "Yermolinsky, Alex"]
[Black "Beliavsky, Alexander G"]
[Result "0-1"]
[WhiteElo "2605"]
[BlackElo "2635"]

1.d4 Nf6 2.Nf3 d5 3.c4 e6 4.Nc3 Be7 5.Bg5 h6 6.Bh4 O-O 7.e3 b6 8.Bd3 Bb7
9.O-O Nbd7 10.Bg3 c5 11.cxd5 Nxd5 12.Rc1 cxd4 13.exd4 Rc8 14.Bb1 N7f6 15.Be5 Nxc3
16.Rxc3 Qd5 17.Re3 Rfd8 18.Rfe1 Qb5 19.Nd2 Nd7 20.a4 Qa5 21.Nc4 Qb4 22.Qd3 g6
23.b3 Nxe5 24.Rxe5 Bf6 25.Rxe6 Rxd4 26.Qg3 fxe6 27.Qxg6+ Bg7 28.Kf1 Ba6 29.Qxe6+ Kh8
30.Qf5 Bxc4+ 31.bxc4 Qxe1+ 32.Kxe1 Re8+  0-1

[Event "Groningen PCA"]
[Site "Groningen"]
[Date "1993.??.??"]
[Round "2"]
[White "Beliavsky, Alexander G"]
[Black "Piket, Jeroen"]
[Result "1-0"]
[WhiteElo "2635"]
[BlackElo "2590"]

1.e4 e5 2.Nf3 Nc6 3.Bb5 a6 4.Ba4 Nf6 5.O-O Be7 6.Re1 b5 7.Bb3 d6 8.c3 O-O
9.h3 Na5 10.Bc2 c5 11.d4 Qc7 12.Nbd2 Bd7 13.dxe5 dxe5 14.Nf1 Rad8 15.Qe2 Be6
16.Ne3 Rfe8 17.Ng5 Bc8 18.Nf5 Bf8 19.Ng3 c4 20.Nf3 Nd7 21.b3 cxb3 22.axb3 b4
23.cxb4 Bxb4 24.Rd1 Nc5 25.Ba3 Bxa3 26.Rxa3 Ne6 27.Rc1 Nc6 28.Bd1 Qb6 29.Qe3 Ned4
30.Nxd4 exd4 31.Qd2 d3 32.Ra4 Be6 33.Nh5 f6 34.Rc3 Nb4 35.Nxg7 Kxg7 36.Rxb4 Qxb4
37.Rc7+ Qe7 38.Rxe7+ Rxe7 39.e5 fxe5 40.Qg5+ Kf8 41.Qxe5 d2 42.Kh2 Bxb3 43.Qa5 Rd5
44.Qxa6 Bxd1 45.Qa8+ Kg7 46.Qxd5 Re2 47.Qd3 h6 48.Qf5  1-0

[Event "Groningen PCA"]
[Site "Groningen"]
[Date "1993.??.??"]
[Round "4"]
[White "Beliavsky, Alexander G"]
[Black "Shirov, Alexei"]
[Result "1-0"]
[WhiteElo "2635"]
[BlackElo "2685"]

1.e4 c5 2.Nf3 e6 3.d4 cxd4 4.Nxd4 Nf6 5.Nc3 Nc6 6.Ndb5 d6 7.Bf4 e5 8.Bg5 a6
9.Na3 b5 10.Bxf6 gxf6 11.Nd5 f5 12.Bd3 Be6 13.Qh5 Rg8 14.g3 Nd4 15.c3 fxe4
16.Bxe4 Bg4 17.Qxh7 Rg7 18.Qh6 Nf3+ 19.Ke2 Ng5+ 20.f3 Nxe4 21.fxg4 Qc8 22.Qe3 Qxg4+
23.Qf3 Qxf3+ 24.Kxf3 f5 25.Nc2 Kf7 26.Nce3 Ke6 27.Nxf5 Ng5+ 28.Kg4 Rf7 29.Rhf1 Ne4
30.Rad1 Raa7 31.Nde3 Rad7 32.Kf3 d5 33.g4 Bc5 34.h4 Nf6 35.Rde1 b4 36.Re2 bxc3
37.bxc3 Bxe3 38.Rxe3 Ne4 39.Kg2 Rc7 40.Rb1 Rb7 41.Rb3 Nd2 42.Rxb7 Rxb7 43.Re2 Nb1
44.Rc2 Na3 45.Rf2 Nb1 46.g5 Nxc3 47.g6 Rd7 48.g7 Kf7 49.h5 Kg8 50.h6 Kh7
51.Ne3  1-0

[Event "Groningen PCA"]
[Site "Groningen"]
[Date "1993.??.??"]
[Round "10"]
[White "Beliavsky, Alexander G"]
[Black "Romanishin, Oleg M"]
[Result "0-1"]
[WhiteElo "2635"]
[BlackElo "2615"]

1.d4 Nf6 2.c4 e6 3.Nc3 Bb4 4.Qc2 d5 5.cxd5 Qxd5 6.Nf3 Qf5 7.Qxf5 exf5 8.Bd2 c6
9.e3 Nbd7 10.Bd3 Nb6 11.Ne2 Bd6 12.O-O Ne4 13.Ba5 O-O 14.Rfc1 Re8 15.Nd2 Nxd2
16.Bxd2 a5 17.a3 Be6 18.f3 g6 19.Kf2 Bb3 20.h3 h5 21.g3 a4 22.e4 fxe4 23.fxe4 Bf8
24.g4 hxg4 25.hxg4 Bg7 26.g5 Nd7 27.Bb4 Rad8 28.Bd6 c5 29.Rxc5 Nxc5 30.Bxc5 Re6
31.Ke3 f5 32.gxf6 Bh6+ 33.Kf3 Rxf6+ 34.Kg3 Rc6 35.Be7 Re8 36.Bc5 Rd8 37.Be7 Rd7
38.Bb4 Bc4 39.Bxc4+ Rxc4 40.Bc3 Rf7 41.Rh1 Bg7 42.e5 Rf5 43.Rh4 Rg5+ 44.Kh3 Rh5
45.Rxh5 gxh5 46.Ng3 Bf8 47.e6 Bxa3 48.d5 Rxc3 49.bxc3 Bf8 50.Nf5 a3 51.d6 Bxd6
52.Nxd6 Kf8 53.e7+ Kxe7 54.Nf5+ Kf6 55.Nd4 a2 56.Nc2 Ke5 57.Kh4 Kd6  0-1

[Event "Novosibirsk"]
[Site "Novosibirsk"]
[Date "1993.??.??"]
[Round "2"]
[White "Beliavsky, Alexander G"]
[Black "Serper, Grigory"]
[Result "1-0"]
[WhiteElo "2610"]
[BlackElo "2590"]

1.d4 Nf6 2.c4 e6 3.Nf3 d5 4.Nc3 Bb4 5.Bg5 h6 6.Bxf6 Qxf6 7.a3 Bxc3+ 8.bxc3 O-O
9.e3 c5 10.Qb3 Rd8 11.Be2 dxc4 12.Qxc4 b6 13.Qa4 Bb7 14.O-O Nd7 15.Rfd1 a6
16.Qb3 Rac8 17.a4 Rc7 18.Rac1 Rdc8 19.Ne5 cxd4 20.Nxd7 Rxd7 21.cxd4 Rxc1
22.Rxc1 e5 23.Bg4 Qg5 24.f3 Re7 25.d5 Qg6 26.Qa3 Re8 27.e4 Qg5 28.Rc7 Qd2
29.h3 Ba8 30.Bh5  1-0

[Event "Novosibirsk"]
[Site "Novosibirsk"]
[Date "1993.??.??"]
[Round "3"]
[White "Vaisser, Anatoli"]
[Black "Beliavsky, Alexander G"]
[Result "1-0"]
[WhiteElo "2555"]
[BlackElo "2610"]

1.d4 Nf6 2.c4 e6 3.Nc3 Bb4 4.e3 O-O 5.Bd3 c5 6.Nf3 d5 7.O-O dxc4 8.Bxc4 Nbd7
9.Qb3 a6 10.a4 Qe7 11.Rd1 Rd8 12.Bd2 h6 13.Ne2 Bxd2 14.Rxd2 Rb8 15.Nc3 cxd4
16.Nxd4 Re8 17.a5 Nc5 18.Qb6 Bd7 19.f3 Rec8 20.Qb4 Qd6 21.Bf1 Qc7 22.Qa3 e5
23.Nb3 Nxb3 24.Qxb3 Qc5 25.Ne4 Nxe4 26.Rxd7 Ng5 27.Bc4 Rf8 28.h4 b5 29.axb6 Rxb6
30.Qc3 Qc8 31.Rad1 Ne6 32.b3 e4 33.fxe4 Qb8 34.e5 Rc6 35.R1d6 Qc8 36.Re7 Rxd6
37.exd6 Kh8 38.Qe5 Nc5 39.Rc7  1-0

[Event "Novosibirsk"]
[Site "Novosibirsk"]
[Date "1993.??.??"]
[Round "5"]
[White "Epishin, Vladimir"]
[Black "Beliavsky, Alexander G"]
[Result "1-0"]
[WhiteElo "2620"]
[BlackElo "2610"]

1.d4 Nf6 2.c4 e6 3.Nf3 b6 4.g3 Ba6 5.b3 d5 6.Bg2 dxc4 7.Ne5 Bb4+ 8.Kf1 c6
9.Nxc4 O-O 10.Bb2 Qc7 11.Nbd2 Nbd7 12.Ne4 Be7 13.Qc2 Rad8 14.Rc1 Bb7 15.Nxf6+ Bxf6
16.Nd2 c5 17.Ne4 Be7 18.dxc5 bxc5 19.Qc3 Nf6 20.Bf3 Rc8 21.Kg2 Bd5 22.Nd2 Rfd8
23.Nc4 Qb7 24.Rhd1 Ne8 25.Qe3 h6 26.h4 Bf6 27.Rd3 Qa6 28.Bxf6 Nxf6 29.Rc2 Rd7
30.Ne5 Rdc7 31.Rdc3 Qb5 32.Qf4 Qb7 33.Nd3 Qb5 34.Qe3 Bxf3+ 35.Qxf3 Nd5 36.Rc4 Nb6
37.Rg4 f5 38.Rg6 Qe8 39.h5 Nd5 40.e4 fxe4 41.Qxe4 Nf6 42.Qe5 Qc6+ 43.f3 Rf7
44.Rxc5 Qd7 45.Rxc8+ Qxc8 46.Nc5 Re7 47.b4 Kh7 48.g4 Qd8 49.Ne4 Nd5 50.g5 Qf8
51.Kg3 Rf7 52.Rxh6+ Kg8 53.Qxe6 Qxb4 54.Qxd5  1-0

[Event "Novosibirsk"]
[Site "Novosibirsk"]
[Date "1993.??.??"]
[Round "6"]
[White "Beliavsky, Alexander G"]
[Black "Pigusov, Evgeny"]
[Result "1/2-1/2"]
[WhiteElo "2610"]
[BlackElo "2575"]

1.d4 d5 2.c4 e6 3.Nc3 Be7 4.Nf3 Nf6 5.Bg5 h6 6.Bh4 O-O 7.e3 b6 8.Be2 Bb7
9.Bxf6 Bxf6 10.cxd5 exd5 11.b4 c6 12.O-O Re8 13.Qb3 a5 14.a3 Nd7 15.Rad1 axb4
16.axb4 b5 17.Bd3 Nb6 18.e4 Nc4 19.exd5 cxd5 20.Nxb5 Qb6 21.Nc3 Ra3 22.Qc2 Qxb4
23.Rb1 Qxc3 24.Bh7+ Kf8 25.Rxb7 Nd6 26.Rc7 Qxc2 27.Bxc2 Nb5 28.Rc5 Nxd4  1/2-1/2

[Event "Novosibirsk"]
[Site "Novosibirsk"]
[Date "1993.??.??"]
[Round "8"]
[White "Beliavsky, Alexander G"]
[Black "Akopian, Vladimir"]
[Result "1-0"]
[WhiteElo "2610"]
[BlackElo "2615"]

1.d4 d5 2.c4 c6 3.Nf3 Nf6 4.Nc3 dxc4 5.a4 Bf5 6.e3 e6 7.Bxc4 Bb4 8.O-O Nbd7
9.Qe2 Bg6 10.e4 Bxc3 11.bxc3 Nxe4 12.Ba3 Qc7 13.Rfe1 O-O-O 14.Qb2 Rhe8 15.a5 e5
16.Rab1 c5 17.Bf1 f6 18.Ra1 Nd6 19.Nd2 Kb8 20.Rec1 Ka8 21.Nb3 c4 22.Bxd6 Qxd6
23.Bxc4 a6 24.Bf1 Rc8 25.Nd2 Rc6 26.g3 Bf7 27.Rcb1 Rb8 28.Ra4 exd4 29.Rxd4 Qc7
30.Qb4 Ne5 31.f4 Ng4 32.Re1 Rc5 33.Bg2 Nh6 34.Qb6 Qxb6 35.axb6 Rb5 36.Rd6 Ng8
37.Ra1 Rf8 38.c4 Rb2 39.c5 Ne7 40.Rxa6+ Kb8 41.Ra7 Nc6 42.Rd7  1-0

[Event "Novosibirsk"]
[Site "Novosibirsk"]
[Date "1993.??.??"]
[Round "9"]
[White "Ruban, Vadim"]
[Black "Beliavsky, Alexander G"]
[Result "0-1"]
[WhiteElo "2595"]
[BlackElo "2610"]

1.d4 Nf6 2.c4 c5 3.d5 b5 4.cxb5 a6 5.e3 axb5 6.Bxb5 Qa5+ 7.Nc3 Bb7 8.Ne2 Nxd5
9.O-O Nc7 10.Bc4 Ba6 11.Bxa6 Nbxa6 12.e4 g6 13.Bg5 Bg7 14.f4 c4 15.f5 Nb4
16.Qd2 Be5 17.Kh1 Ra6 18.a3 Nc6 19.f6 h6 20.Bh4 e6 21.Rad1 d6 22.Qc2 Kd7
23.Be1 Rb8 24.Qc1 g5 25.Na2 Qb5 26.Nb4 c3 27.Nxa6 Qxa6 28.Bxc3 Qxe2 29.Rfe1 Qa6
30.Bxe5 Nxe5 31.Qc3 Qb5 32.b4 Ne8 33.Qd4 Nc6 34.Qd2 Qe5 35.Qc2 Nxf6 36.Rc1 Rc8
37.Qa4 Ng4 38.g3 Nf2+ 39.Kg1 Qd4 40.Rf1 Nd3+ 41.Kg2 Qxe4+  0-1

[Event "Groningen"]
[Site "Groningen"]
[Date "1994.??.??"]
[Round "1"]
[White "Van der Wiel, John TH"]
[Black "Beliavsky, Alexander G"]
[Result "1/2-1/2"]
[WhiteElo "2555"]
[BlackElo "2640"]

1.e4 e5 2.Nf3 Nc6 3.d4 exd4 4.Nxd4 Nf6 5.Nxc6 bxc6 6.e5 Qe7 7.Qe2 Nd5 8.c4 Ba6
9.b3 g6 10.f4 Bg7 11.Qf2 Nf6 12.Be2 d6 13.Bf3 O-O 14.O-O Bb7 15.Bb2 Nd7 16.exd6 cxd6
17.Bxg7 Kxg7 18.Nc3 Nf6 19.Rad1 Rfd8 20.Rd3 d5 21.cxd5 cxd5 22.Rfd1 Qc7 23.Qd4 Qb6
24.Nxd5 Bxd5 25.Bxd5 Rxd5 26.Qxb6 axb6 27.Rxd5 Nxd5 28.Rxd5 Rxa2 29.Rd6 b5
30.Rb6 h5 31.Rxb5 h4 32.Rc5 Rb2 33.Rc3 Kf6 34.Rh3 Kf5 35.Rxh4 Rxb3 36.h3 Rb4
37.Rh7 f6 38.Kf2  1/2-1/2

[Event "Groningen"]
[Site "Groningen"]
[Date "1994.??.??"]
[Round "8"]
[White "Jussupow, Artur"]
[Black "Beliavsky, Alexander G"]
[Result "1/2-1/2"]
[WhiteElo "2655"]
[BlackElo "2640"]

1.d4 Nf6 2.c4 e6 3.Nc3 Bb4 4.e3 O-O 5.Bd3 c5 6.Nf3 d5 7.O-O Nc6 8.a3 Bxc3
9.bxc3 dxc4 10.Bxc4 Qc7 11.Bb2 e5 12.Be2 Rd8 13.Qc2 e4 14.Nd2 Bf5 15.Nb3 b6
16.c4 cxd4 17.exd4 Ne7 18.Qc3 Rac8 19.Rac1 Qf4 20.Qg3 Ng6 21.d5 Bd7 22.Rfe1 Ne8
23.Bf1 Ba4 24.Rc3 Qxg3 25.hxg3 Nd6 26.Nd2 Re8 27.Rce3 f5 28.f3 Ne5 29.Rc1 Nd7
30.Rce1 Ne5 31.Rc1 Nd7 32.Rce1  1/2-1/2

[Event "Groningen"]
[Site "Groningen"]
[Date "1994.??.??"]
[Round "11"]
[White "Beliavsky, Alexander G"]
[Black "Van Wely, Loek"]
[Result "0-1"]
[WhiteElo "2640"]
[BlackElo "2560"]

1.d4 d5 2.c4 c6 3.Nf3 Nf6 4.Qc2 g6 5.Bf4 Bf5 6.Qb3 Qb6 7.c5 Qxb3 8.axb3 Na6
9.Nc3 Nh5 10.Bd2 Bg7 11.h3 Bc2 12.e3 Nb4 13.Nb5 Bd3 14.Nc7+ Kd7 15.Nxa8 Nc2+
16.Kd1 Bxf1 17.Kxc2 Bxg2 18.Rhg1 Bxf3 19.Rxa7 Rb8 20.Nb6+ Ke6 21.Rga1 Bg2
22.Ra8 Rxa8 23.Rxa8 Bxh3 24.Rb8 Nf6 25.Rxb7 h5 26.Nc8 Bf8 27.Na7 h4 28.Nxc6 Bg2
29.Ne5 h3 30.c6 Be4+ 31.Kc3 Kd6 32.c7 Bf5 33.Ra7 h2 34.Nxf7+ Kc6 35.Ne5+ Kb6
36.Ra1 Ne4+ 37.Kd3 Ng3+ 38.e4 Bxe4+ 39.Ke3 Bh6+ 40.f4 Kxc7 41.Nf3 h1=Q 42.Rxh1 Nxh1
43.Be1 Kd7 44.Ng5 Bg2 45.Bh4 Bg7 46.b4 Bf6 47.Be1 Kc6 48.b3 Bf1 49.Bh4 Kb6
50.Be1 Kb5 51.Nh7 Bh3  0-1

[Event "JUG-chT"]
[Site "Igalo"]
[Date "1994.??.??"]
[Round "?"]
[White "Beliavsky, Alexander G"]
[Black "Tseshkovsky, Vitaly"]
[Result "1/2-1/2"]
[WhiteElo "2640"]
[BlackElo "2525"]

1.e4 c5 2.c3 e6 3.d4 d5 4.exd5 exd5 5.Nf3 Nc6 6.Be3 cxd4 7.Nxd4 Bd6 8.g3 Nf6
9.Bg2 O-O 10.O-O Ng4 11.Nc2 Bf5 12.Nd2 Qd7 13.Bd4 Bd3 14.Re1 Qf5 15.Bh3 Bxc2
16.Qxg4 Nxd4 17.cxd4 Qxg4 18.Bxg4 f5 19.Bh3 Bb4 20.Rec1 Rac8 21.Nf1 g6 22.Ne3 Be4
23.Bg2 Rxc1+ 24.Rxc1 Bd2 25.Rc5 Bxe3 26.fxe3 Kg7 27.Kf2 Kf6 28.Rc7 Rf7 29.Rxf7+ Kxf7
30.Bf1 g5 31.Be2 h6 32.Ke1 Ke7 33.Kd2 Kd6 34.Kc3 Kc6  1/2-1/2

[Event "JUG-chT"]
[Site "Igalo"]
[Date "1994.??.??"]
[Round "?"]
[White "Vasiljevic, Dragan"]
[Black "Beliavsky, Alexander G"]
[Result "0-1"]
[WhiteElo "2410"]
[BlackElo "2640"]

1.d4 Nf6 2.Nf3 d5 3.c4 c6 4.e3 Bf5 5.Nc3 e6 6.Nh4 Bg6 7.g3 Nbd7 8.Nxg6 hxg6
9.cxd5 cxd5 10.a3 Be7 11.Bg2 O-O 12.O-O Rc8 13.f4 Nb6 14.g4 Nc4 15.g5 Ne8
16.Ne2 Qb6 17.Ra2 Ned6 18.Ng3 Rc7 19.b3 Na5 20.Bd2 Rfc8 21.Bxa5 Qxa5 22.b4 Qa6
23.Re1 Rc3 24.Bf1 b5 25.Qa1 Qa4 26.Kf2 Rc2+ 27.Rxc2 Rxc2+ 28.Re2 Nc4 29.Rxc2 Qxc2+
30.Be2 Bd8 31.Nf1 a5 32.Kf3 a4 33.Bxc4 bxc4 34.Ng3 e5 35.dxe5 c3 36.Ne2 d4
37.Nxd4 Qd2 38.Ne2 c2 39.Qc1 Qd1 40.Kf2 Bb6 41.Kf3 Qd5+ 42.Kf2 Qd1 43.Kf3 Kf8
44.Kf2 Ke7 45.Qb2 Qd2 46.b5 Qxe3+  0-1

[Event "JUG-chT"]
[Site "JUG"]
[Date "1994.??.??"]
[Round "9"]
[White "Ivanovic, Bozidar"]
[Black "Beliavsky, Alexander G"]
[Result "0-1"]
[WhiteElo "2480"]
[BlackElo "2650"]

1.e4 e6 2.d4 d5 3.e5 c5 4.c3 Qb6 5.Nf3 Bd7 6.Be2 Bb5 7.dxc5 Bxc5 8.O-O Bxe2
9.Qxe2 Qa6 10.Qxa6 Nxa6 11.Nbd2 Ne7 12.Nb3 Bb6 13.Re1 Nc6 14.a4 O-O 15.Be3 Bc7
16.Bf4 Nab8 17.Nc5 b6 18.Nd3 Nd7 19.Nd4 Na5 20.b3 Rfc8 21.Rab1 Bd8 22.Bd2 Nc5
23.Nxc5 bxc5 24.Nb5 Rcb8 25.b4 Nc4 26.Bf4 g5 27.Bc1 cxb4 28.cxb4 a5 29.bxa5 Rxa5
30.h4 h6 31.hxg5 hxg5 32.Be3 Rxa4 33.Nd6 Rxb1 34.Rxb1 Kg7 35.Rb8 Nxe3 36.fxe3 Be7
37.Rb7 Bxd6 38.exd6 Ra8 39.Rd7 Kf6 40.Kf2 Rf8 41.Kf3 Ke5 42.Kg4 f5+ 43.Kh5 f4
44.exf4+ gxf4 45.Kg6 d4 46.Kg7 Rb8  0-1

[Event "Leon"]
[Site "Leon"]
[Date "1994.??.??"]
[Round "1"]
[White "Beliavsky, Alexander G"]
[Black "Ljubojevic, Ljubomir"]
[Result "1/2-1/2"]
[WhiteElo "2650"]
[BlackElo "2600"]

1.d4 Nf6 2.c4 e6 3.Nc3 Bb4 4.Qc2 O-O 5.a3 Bxc3+ 6.Qxc3 b6 7.Bg5 Bb7 8.Nh3 h6
9.Bh4 Re8 10.f3 d5 11.e3 Nbd7 12.cxd5 exd5 13.Bf2 Qc8 14.Bd3 c5 15.O-O Ba6
16.Bxa6 Qxa6 17.dxc5 bxc5 18.Rfd1 Rac8 19.Nf4 Nb6 20.Rac1 Qb5 21.b3 c4 22.b4 Qa6
23.Ne2 Nfd7 24.Bg3 Na4 25.Qd4 Qb6 26.Nf4 Nf6 27.Bf2 Qa6 28.Ne2 c3 29.Nxc3 Nb2
30.Re1 Qxa3 31.Nb5 Qb3 32.Nd6 Rxc1 33.Rxc1 Nd3 34.Nxe8 Nxc1 35.Nxf6+ gxf6
36.Qg4+ Kh7 37.h3 Ne2+ 38.Kh2 Qc2 39.Qd7 Kg6 40.Qxd5 Nf4 41.Qd4 Qxf2 42.Qxf4 Qa2
43.Kg3 a6 44.Kh4 Qe2 45.e4 Kg7 46.g3 Qb5 47.Qg4+ Kf8 48.Qf5 Qxb4 49.Qc8+ Kg7
50.Qxa6 Qc5 51.f4 Qe7 52.Qc6 f5+ 53.Kh5 fxe4 54.Qxh6+ Kg8 55.f5 Qe5 56.Qg5+ Kh7
57.Qh6+ Kg8 58.Qg5+ Kh7 59.Qh6+  1/2-1/2

[Event "Leon"]
[Site "Leon"]
[Date "1994.??.??"]
[Round "2"]
[White "Beliavsky, Alexander G"]
[Black "Gomez Esteban, Juan Mario"]
[Result "1-0"]
[WhiteElo "2650"]
[BlackElo "2485"]

1.d4 Nf6 2.c4 e6 3.Nc3 d5 4.Bg5 Be7 5.e3 O-O 6.Nf3 h6 7.Bh4 b6 8.Be2 Bb7
9.Bxf6 Bxf6 10.cxd5 exd5 11.b4 c6 12.O-O Re8 13.Rc1 Nd7 14.Qb3 a5 15.b5 c5
16.Nxd5 Bxd4 17.Bc4 a4 18.Qc2 Nf6 19.exd4 Bxd5 20.dxc5 Bxf3 21.gxf3 Re5 22.cxb6 Qxb6
23.Rfe1 Rg5+ 24.Kh1 Qb7 25.Re3 Ng4 26.Re4 Nf6 27.Rf4 Re8 28.h4 Rge5 29.Rg1 Kh8
30.Qxa4 Qc8 31.Bf1 Re1 32.Rxf6 Rxf1 33.Rxh6+ Kg8 34.Rxf1 Qh3+ 35.Kg1 Qxf3
36.b6 Rb8 37.Rd6  1-0

[Event "Leon"]
[Site "Leon"]
[Date "1994.??.??"]
[Round "5"]
[White "Sion Castro, Marcelino"]
[Black "Beliavsky, Alexander G"]
[Result "0-1"]
[WhiteElo "2380"]
[BlackElo "2650"]

1.e4 e5 2.Nf3 Nc6 3.Bb5 a6 4.Ba4 Nf6 5.O-O b5 6.Bb3 Be7 7.Re1 d6 8.c3 O-O
9.h3 Na5 10.Bc2 c5 11.d4 Qc7 12.d5 Ne8 13.b3 Nb7 14.Nbd2 g6 15.a4 Rb8 16.axb5 axb5
17.Nf1 Ng7 18.Bh6 Nd8 19.b4 f6 20.Ra3 Nf7 21.Bxg7 Kxg7 22.Ng3 Bd8 23.Qe2 c4
24.Rea1 Qd7 25.Ra7 Rb7 26.Ra8 Bb6 27.Nh2 Ra7 28.R8xa7 Bxa7 29.Bd1 Bb6 30.Qg4 Qb7
31.Qe2 f5 32.exf5 Qxd5 33.Bc2 Ng5 34.Rd1 Qc6 35.Ne4 Nxe4 36.Qxe4 Qxe4 37.Bxe4 Bxf5
38.Bxf5 Rxf5 39.Ng4 Bc7 40.Ne3 Rf8 41.Ra1 Bb6 42.Ra6 Bxe3 43.fxe3 Kf6 44.e4 Ke6
45.Ra5 Rf4 46.Rxb5 Rxe4 47.Kf2 Rf4+ 48.Ke2 Rf8 49.Ra5 h5 50.Ra7 Kd5 51.Ra6 g5
52.Ra7 Ke4 53.Rg7 d5 54.Rxg5 d4 55.cxd4 exd4 56.Rxh5 d3+ 57.Ke1 c3  0-1

[Event "Munich SKA"]
[Site "Munich"]
[Date "1994.??.??"]
[Round "1"]
[White "Gelfand, Boris"]
[Black "Beliavsky, Alexander G"]
[Result "0-1"]
[WhiteElo "2685"]
[BlackElo "2650"]

1.d4 Nf6 2.c4 e6 3.Nc3 Bb4 4.e3 c5 5.Bd3 O-O 6.Nf3 d5 7.O-O Nc6 8.a3 Bxc3
9.bxc3 Qc7 10.h3 dxc4 11.Bxc4 Rd8 12.Ba2 b6 13.Re1 Bb7 14.e4 Ne7 15.Bb1 h6
16.Bd3 Rac8 17.Bd2 Ng6 18.Qb1 Nh5 19.Be3 Nhf4 20.Bf1 cxd4 21.cxd4 f5 22.Nd2 fxe4
23.Nxe4 Qf7 24.g3 Nd5 25.Bg2 e5 26.Qb2 Nxe3 27.fxe3 exd4 28.exd4 Bd5 29.Rad1 Ne7
30.Qd2 Nf5 31.Qf2 Bb3 32.Rd2 Nxd4 33.Qxf7+ Bxf7 34.Red1 Bb3 35.Rf1 Nb5 36.Rb2 Bc4
37.Ra1 Nd6 38.Kh2 Nxe4 39.Bxe4 Rd4 40.Bg6 Rc6 41.Bh5 Rcd6 42.Rc1 Rd2+ 43.Rxd2 Rxd2+
44.Kg1 b5 45.a4 a6 46.axb5 axb5 47.Rb1 Kf8 48.Bf3 Rd6 49.Kf2 Ke7 50.Be4 Re6
51.Kf3 Kd6 52.Rd1+ Kc5 53.Rd7 Rf6+ 54.Ke3 Rf7 55.Rd8 Kb4 56.Kd4 Be6 57.Rb8 Bxh3
58.Bd3 Rd7+ 59.Ke3 Rd5  0-1

[Event "Munich SKA"]
[Site "Munich"]
[Date "1994.??.??"]
[Round "8"]
[White "Lobron, Eric"]
[Black "Beliavsky, Alexander G"]
[Result "1/2-1/2"]
[WhiteElo "2570"]
[BlackElo "2650"]

1.d4 d5 2.c4 c6 3.Nf3 Nf6 4.Nc3 dxc4 5.a4 Bf5 6.Ne5 Nd5 7.e4 Nxc3 8.bxc3 Bxe4
9.Bxc4 Bd5 10.Bxd5 Qxd5 11.O-O Nd7 12.c4 Qe6 13.Qb3 Nxe5 14.Qxb7 Qc8 15.Qxc8+ Rxc8
16.dxe5 e6 17.Rb1 Bc5 18.Be3 Bxe3 19.fxe3 O-O 20.Rb7 a5 21.Rd1 Rb8 22.Rdd7 h5
23.Rxf7 Rxb7 24.Rxb7 Rf5 25.Rc7 Rxe5 26.Rxc6 Rxe3 27.Rc5 Re4 28.Kf2 h4 29.h3 Kf7
30.Kf3 Rd4 31.Ke3 e5 32.Rxe5 Rxc4 33.Rxa5 Rc3+ 34.Kf4 Rc2 35.Rf5+ Ke6 36.Rg5 Rc4+
37.Kf3 Rxa4 38.Rxg7 Kf5 39.Rg8 Ra3+ 40.Ke2 Ra4 41.Kd3 Rb4  1/2-1/2